Effectiveness of SYTOX green stain for bacterial viability assessment /

Wedi'i Gadw mewn:
Manylion Llyfryddiaeth
Prif Awdur: Lebaron, P.
Awduron Eraill: Catala, P., Parthuisot, N.
Fformat: Erthygl
Iaith:English
Pynciau:
Tagiau: Ychwanegu Tag
Dim Tagiau, Byddwch y cyntaf i dagio'r cofnod hwn!
Thư viện lưu trữ: Thư viện Trường Đại học Đà Lạt
LEADER 00985nam a2200337 4500
001 DLU090091606
005 ##20091201
040 # # |a DLU  |b eng 
041 # # |a eng 
044 # # |a us 
100 # # |a Lebaron, P. 
245 # # |a Effectiveness of SYTOX green stain for bacterial viability assessment /  |c P. Lebaron, P. Catala, N. Parthuisot. 
653 # # |a Dyes 
653 # # |a Escherichia coli  
653 # # |a Flow cytometry 
653 # # |a Fluorescent tracer 
653 # # |a Nucleic acids 
653 # # |a Salmonella typhimurium 
653 # # |a Viability 
700 # # |a Catala, P. 
700 # # |a Parthuisot, N. 
773 # # |t Applied and Environmental Microbiology  |g Vol. 64, no. 7 (July 1998), p. 2697-2700 
920 # # |a Phòng Tạp chí -- Trung tâm Thông tin - Thư viện Trường Đại học Đà Lạt 
994 # # |a DLU 
900 # # |a True 
911 # # |a Trương Bảo Trâm Anh 
925 # # |a G 
926 # # |a A 
927 # # |a BB 
980 # # |a Thư viện Trường Đại học Đà Lạt